| 000 | 00644nam a22002417a 4500 | ||
|---|---|---|---|
| 003 | CHAP | ||
| 005 | 20220329135116.0 | ||
| 008 | 971013s r 00010 d | ||
| 010 | _a31056 | ||
| 011 | _a32028 | ||
| 035 | _a36140 | ||
| 040 | _cCHAP | ||
| 090 | _aR-339 | ||
| 100 | 0 | 0 |
_aLockie, J. D. _967412 |
| 245 | _aVoles and their predators | ||
| 500 | _aSobretiro de: Report of Forest Research. 1966, p.111 | ||
| 590 |
_aBATCH-UPD _b10 _c20130110 _lUCH01 _h2158 |
||
| 590 |
_aCONVERSION _b10 _c20130109 _lUCH01 _h1318 |
||
| 650 | 1 | 4 |
_aRoedores. _999027 |
| 901 | _aBK | ||
| 942 | _cREIMP | ||
| 949 |
_aR-339 _bBC _cR _d-83310 _eTS1 _i36140 _si |
||
| 999 |
_c31056 _d31056 |
||